Meilleurs clubs d'Île-de-France (2025/2026) - Statistiques

Statistiques générales
  • Ce quiz a été pris 116 fois
  • Le résultat moyen est 9 sur 20
Statistiques - réponses
Division Département Club % Correct
Ligue 1 75 Paris-Saint-Germain FC
100%
Ligue 1 75 Paris FC
98%
Ligue 2 93 Red Star FC / Saint-Ouen-sur-Seine
86%
National 78 FC Versailles 78
74%
National 3 78 FC Versailles 78 2 (équipe réserve)
74%
National 75 Paris 13 Atletico
70%
National 2 94 US Créteil-Lusitanos
62%
National 2 93 FC 93 BBG / Bobigny-Bagnolet-Gagny
60%
National 91 FC Fleury 91 / Fleury-Mérogis
57%
National 3 93 FCM Aubervilliers
35%
National 2 94 US Lusitanos Saint-Maur
35%
National 3 94 US Ivry
33%
National 3 93 JA Drancy
28%
National 3 75 / 92 Racing Club de France / Colombes
24%
National 3 77 US Torcy-Paris Vallée de la Marne
24%
National 3 91 CS Brétigny Football / Brétigny-sur-Orge
15%
National 3 93 SFC Neuilly-sur-Marne
14%
National 3 91 Sainte-Geneviève FC / Sainte-Geneviève-des-Bois
13%
National 3 91 ESA Linas-Montlhéry
12%
National 3 95 AS Saint-Ouen-l'Aumône
8%
Aucun quiz correspondant
Distribution des résultats
% des personnes avec chaque résultat
Percentile par nombre de réponses
Votre historique - résultats
Vous n’avez pas pris ce quiz